000 00482nam a22001577a 4500
005 20240829132810.0
008 240829b |||||||| |||| 00| 0 eng d
041 _aEnglish/Afrikaans
082 _a349 STA
100 _lEnglish/Afrikaans
245 _aStatutes of the Republic of South Africa
260 _aDurban:
_bButterworth Publisher (Pty) Ltd,
_c1989
300 _b705 pages;
_c33 cm.
650 _aLegal practice
_bLaw
942 _cBK
_6ALISON_BN_VRIES
999 _c2956
_d2956